[Event "Madrid ch 2011-2012 Previa A"]
[Site "Madrid ESP"]
[Date "2012.02.06"]
[Round "1.1"]
[White "Ruiz Sanchez, Roberto"]
[Black "Barroso Barroso, Jorge"]
[Result "1-0"]
[WhiteElo "1976"]
[BlackElo "1740"]
[PlyCount "93"]
[EventDate "2012.02.06"]
[EventType "swiss"]
[EventRounds "9"]
[EventCountry "ESP"]
[Source "lmi"]
[SourceDate "2012.02.06"]

1. e4 e6 2. d4 d5 3. Nd2 dxe4 4. Nxe4 Nd7 5. Nf3 Ngf6 6. Bg5 Be7 7. Nxf6+ Nxf6
8. Bd3 O-O 9. Qe2 c5 10. O-O-O cxd4 11. Kb1 Qa5 12. h4 h6 13. Ne5 Nd5 14. Bxe7
Nxe7 15. g4 Nd5 16. Qe4 f5 17. gxf5 Rxf5 18. Nc4 Qb4 19. Qxd4 Rf4 20. Qe5 Rxc4
21. Bxc4 Qxc4 22. Rhg1 Qc7 23. Rxd5 Qxe5 24. Rxe5 Kf7 25. Rc5 g6 26. Rc7+ Kf6
27. Rd1 b6 28. Rd8 Bb7 29. Rxa8 Bxa8 30. Rxa7 Bc6 31. a4 g5 32. hxg5+ Kxg5 33.
Ra6 h5 34. Rxb6 Bd5 35. b4 h4 36. Rb8 h3 37. Rh8 Bg2 38. b5 Kg6 39. c4 Kg7 40.
Rh4 Kf7 41. Kb2 Ke7 42. Kc3 Kd6 43. Kb4 Kc7 44. c5 Bf1 45. c6 Bg2 46. Kc5 e5
47. b6+ 1-0

[Event "Madrid ch 2011-2012 Previa A"]
[Site "Madrid ESP"]
[Date "2012.02.06"]
[Round "1.2"]
[White "Ruiz Castro, Manuel"]
[Black "Martos De La Vega, Alvaro"]
[Result "1-0"]
[WhiteElo "1735"]
[BlackElo "1935"]
[PlyCount "37"]
[EventDate "2012.02.06"]
[EventType "swiss"]
[EventRounds "9"]
[EventCountry "ESP"]
[Source "lmi"]
[SourceDate "2012.02.06"]

1. e4 c5 2. Nf3 d6 3. d4 cxd4 4. Nxd4 Nf6 5. Nc3 a6 6. Be3 e5 7. Nf3 Be6 8. h3
h6 9. Bd3 Nbd7 10. O-O d5 11. exd5 Nxd5 12. Nxd5 Bxd5 13. Bf5 Nf6 14. Nxe5 Bd6
15. Bd4 O-O 16. Re1 Qc7 17. c3 Rad8 18. Ng4 Ne8 19. Nxh6+ 1-0

[Event "Madrid ch 2011-2012 Previa A"]
[Site "Madrid ESP"]
[Date "2012.02.06"]
[Round "1.3"]
[White "Garcia Fernandez, Jesus"]
[Black "Ballesteros Galvez, Daniel"]
[Result "1-0"]
[WhiteElo "1916"]
[BlackElo "1733"]
[PlyCount "137"]
[EventDate "2012.02.06"]
[EventType "swiss"]
[EventRounds "9"]
[EventCountry "ESP"]
[Source "lmi"]
[SourceDate "2012.02.06"]

1. d4 d5 2. e4 e6 3. Nc3 Bb4 4. Bd2 Nd7 5. Bd3 Ne7 6. Nh3 Bxc3 7. Bxc3 dxe4 8.
Bxe4 Nf6 9. Bd3 b6 10. f3 Bb7 11. Qe2 a5 12. Ng5 Ned5 13. Bd2 Qd6 14. Ne4 Nxe4
15. Bxe4 Rb8 16. c3 Nf6 17. Bd3 Rd8 18. O-O-O Nd5 19. g3 c5 20. dxc5 Qxc5 21.
Kb1 O-O 22. h4 a4 23. a3 Rfe8 24. h5 Nf6 25. g4 Nxg4 26. fxg4 Bxh1 27. Rxh1 Qd5
28. Rh3 Re7 29. Bc1 Rc7 30. Bc2 b5 31. Rd3 Qa8 32. Rxd8+ Qxd8 33. Qd3 Qxd3 34.
Bxd3 Rb7 35. Be3 h6 36. Kc2 Kf8 37. c4 bxc4 38. Bxc4 Ke7 39. Bc5+ Kf6 40. Be3
Ke5 41. Bf1 f6 42. Bd2 Kd4 43. Bc3+ Ke3 44. Bc4 e5 45. Bb4 Kd4 46. Be6 Rc7+ 47.
Kd2 Rb7 48. b3 axb3 49. Bxb3 Rb8 50. Be6 Rb7 51. Bc3+ Kc5 52. Kd3 Kd6 53. Bc4
Rc7 54. Bb4+ Kc6 55. Ke4 Kb6 56. Bb3 Rc8 57. Kf5 Re8 58. Bf7 Rc8 59. Kg6 e4 60.
Kxg7 e3 61. Kxh6 e2 62. Kg7 Ka7 63. h6 Rb8 64. Be1 Rb1 65. Bf2+ Kb7 66. Bd5+
Kc7 67. h7 Rf1 68. Bg3+ Kd7 69. h8=Q 1-0

[Event "Madrid ch 2011-2012 Previa A"]
[Site "Madrid ESP"]
[Date "2012.02.06"]
[Round "1.4"]
[White "Al-zarif Zabala, Bassam"]
[Black "Perez Cameselle, Francisco"]
[Result "1-0"]
[WhiteElo "1727"]
[BlackElo "1909"]
[PlyCount "71"]
[EventDate "2012.02.06"]
[EventType "swiss"]
[EventRounds "9"]
[EventCountry "ESP"]
[Source "lmi"]
[SourceDate "2012.02.06"]

1. e4 g6 2. d4 d6 3. Nc3 Bg7 4. h3 Nf6 5. Bg5 c6 6. Nf3 Qa5 7. Bd3 e5 8. Qd2
O-O 9. Rb1 Be6 10. a3 Nbd7 11. O-O Qc7 12. Bh6 Rad8 13. Bxg7 Kxg7 14. Ne2 d5
15. dxe5 Nxe5 16. Nxe5 Qxe5 17. Qf4 Qxf4 18. Nxf4 Nxe4 19. Nxe6+ fxe6 20. Bxe4
dxe4 21. Rbd1 Kf6 22. Rfe1 Kf5 23. Kf1 b5 24. Ke2 Rd5 25. Rd2 Ke5 26. Red1 Rf5
27. Ke3 Rg5 28. g4 h5 29. f4+ exf3 30. Kxf3 Kf6 31. Rd3 a5 32. Rf1 hxg4+ 33.
hxg4 Rxd3+ 34. cxd3 Ke5 35. Re1+ Kd5 36. Kf4 1-0

[Event "Madrid ch 2011-2012 Previa A"]
[Site "Madrid ESP"]
[Date "2012.02.06"]
[Round "1.5"]
[White "Fernandez Garcia, Ignacio"]
[Black "Ureña Castellanos, Antonio"]
[Result "0-1"]
[WhiteElo "1903"]
[BlackElo "1673"]
[PlyCount "90"]
[EventDate "2012.02.06"]
[EventType "swiss"]
[EventRounds "9"]
[EventCountry "ESP"]
[Source "lmi"]
[SourceDate "2012.02.06"]

1. e4 c5 2. Nf3 Nc6 3. Nc3 a6 4. Bc4 e6 5. O-O b5 6. Be2 Nf6 7. d3 Be7 8. e5
Ng4 9. Bf4 h5 10. Ne4 h4 11. h3 Nh6 12. Nfg5 Nf5 13. Bh5 g6 14. Bg4 d5 15. exd6
Nxd6 16. Bf3 Nxe4 17. Bxe4 Bd7 18. Nf3 Rc8 19. c3 f5 20. Bxc6 Bxc6 21. Ne5 g5
22. Bh2 Bf6 23. Qe2 Qd5 24. Nxc6 Rxc6 25. a4 b4 26. cxb4 cxb4 27. Rac1 Kf7 28.
Rc4 a5 29. Rfc1 Rxc4 30. Rxc4 Kg6 31. g3 hxg3 32. fxg3 Bd4+ 33. Rxd4 Qxd4+ 34.
Kf1 e5 35. g4 f4 36. Qf3 Rc8 37. h4 Rc1+ 38. Kg2 Qxb2+ 39. Kh3 Qd4 40. h5+ Kh6
41. Kg2 Rc2+ 42. Kh1 Qa1+ 43. Bg1 Rc1 44. Kh2 Rc2+ 45. Kh1 Qe1 0-1

[Event "Madrid ch 2011-2012 Previa A"]
[Site "Madrid ESP"]
[Date "2012.02.06"]
[Round "1.6"]
[White "Martinez Miura, Enrique"]
[Black "Morona Minguez, Irene"]
[Result "1-0"]
[WhiteElo "1670"]
[BlackElo "1901"]
[PlyCount "75"]
[EventDate "2012.02.06"]
[EventType "swiss"]
[EventRounds "9"]
[EventCountry "ESP"]
[Source "lmi"]
[SourceDate "2012.02.06"]

1. Nf3 Nf6 2. d4 g6 3. c4 Bg7 4. Nc3 d6 5. e4 O-O 6. Be2 e5 7. d5 a5 8. O-O Na6
9. Be3 Ng4 10. Bg5 f6 11. Bd2 f5 12. h3 Nf6 13. Bg5 f4 14. a3 Bd7 15. Nh2 h6
16. Bxf6 Qxf6 17. Bg4 Be8 18. Be2 h5 19. b4 axb4 20. axb4 Bd7 21. Qb3 Kh7 22.
c5 dxc5 23. Bxa6 bxa6 24. bxc5 Bxh3 25. gxh3 f3 26. Kh1 Qh4 27. d6 cxd6 28.
cxd6 Qxh3 29. Rg1 Rab8 30. Qa3 Bh6 31. Nd5 Qh4 32. d7 Qxf2 33. Qe7+ Bg7 34. Qg5
Rb6 35. Nxb6 Qxb6 36. Rab1 Qd6 37. Rbd1 Qf6 38. d8=Q 1-0

[Event "Madrid ch 2011-2012 Previa A"]
[Site "Madrid ESP"]
[Date "2012.02.06"]
[Round "1.7"]
[White "Fernandez Aransay, Fernando"]
[Black "Lucia Carpintero, Oscar"]
[Result "0-1"]
[WhiteElo "1897"]
[BlackElo "1661"]
[PlyCount "72"]
[EventDate "2012.02.06"]
[EventType "swiss"]
[EventRounds "9"]
[EventCountry "ESP"]
[Source "lmi"]
[SourceDate "2012.02.06"]

1. e4 e6 2. d4 d5 3. exd5 exd5 4. Nf3 Bg4 5. c4 Nf6 6. Be3 c6 7. Bd3 Bd6 8. O-O
O-O 9. Nc3 Re8 10. Rc1 Nbd7 11. h3 dxc4 12. Bxc4 Bh5 13. g4 Bg6 14. Nh4 Nb6 15.
Bb3 Nfd5 16. Nxg6 hxg6 17. Qf3 Qf6 18. Qh1 Rad8 19. Ne4 Qe7 20. Nxd6 Rxd6 21.
Rce1 Re6 22. Qf3 Re4 23. Bd2 Nf6 24. g5 Nfd5 25. Bc2 Re2 26. Bd3 Rxe1 27. Rxe1
Qd7 28. Rxe8+ Qxe8 29. Qe4 Qd7 30. Kg2 Ne7 31. Bb4 Nbd5 32. Bd2 Nf5 33. a3 Nc7
34. Bf4 Ne6 35. Bd2 Nexd4 36. Bb1 Nb3 0-1

[Event "Madrid ch 2011-2012 Previa A"]
[Site "Madrid ESP"]
[Date "2012.02.06"]
[Round "1.8"]
[White "Castro Uceda, Jose Antonio"]
[Black "Lopez Heras, Arturo"]
[Result "0-1"]
[WhiteElo "1649"]
[BlackElo "1897"]
[PlyCount "54"]
[EventDate "2012.02.06"]
[EventType "swiss"]
[EventRounds "9"]
[EventCountry "ESP"]
[Source "lmi"]
[SourceDate "2012.02.06"]

1. d4 Nf6 2. c4 c5 3. d5 b5 4. cxb5 a6 5. Nc3 axb5 6. Nxb5 g6 7. Nc3 Ba6 8. g3
d6 9. Bg2 Bg7 10. Nf3 O-O 11. O-O Nbd7 12. Re1 Qc7 13. Bf4 Rfb8 14. Rb1 Nb6 15.
e4 Nfd7 16. Qc1 Bd3 17. Ra1 Nc4 18. b3 Qa5 19. e5 Ndxe5 20. Bd2 Nxf3+ 21. Bxf3
Ne5 22. Bg2 Qa7 23. f4 Ng4 24. Bf1 c4+ 25. Kg2 Qf2+ 26. Kh3 Bf5 27. Re2 Nxh2+
0-1

[Event "Madrid ch 2011-2012 Previa A"]
[Site "Madrid ESP"]
[Date "2012.02.06"]
[Round "1.9"]
[White "Camarero Izquierdo, Juan Carlos"]
[Black "Greppi Gonzalez, Jose Luis"]
[Result "1/2-1/2"]
[WhiteElo "1896"]
[BlackElo "1641"]
[PlyCount "123"]
[EventDate "2012.02.06"]
[EventType "swiss"]
[EventRounds "9"]
[EventCountry "ESP"]
[Source "lmi"]
[SourceDate "2012.02.06"]

1. d4 d5 2. Nc3 Bf5 3. Bf4 a6 4. e3 h6 5. g4 Bh7 6. Bd3 g5 7. Bxh7 gxf4 8. Bxg8
Rxg8 9. exf4 e6 10. Qf3 Bb4 11. Nge2 Qf6 12. O-O-O Nc6 13. Kb1 O-O-O 14. h4 Na5
15. f5 c6 16. Na4 b5 17. Nc5 Bxc5 18. dxc5 Nc4 19. Nc3 e5 20. Qe2 Qe7 21. f4
Qxc5 22. fxe5 Qb4 23. Na4 Qxa4 24. e6 Qb4 25. c3 Qe7 26. Rde1 f6 27. Rhg1 Rg7
28. b3 Ne5 29. g5 hxg5 30. hxg5 Rdg8 31. gxf6 Qxf6 32. Rxg7 Qxf5+ 33. Ka1 Rxg7
34. Qh2 Kb7 35. Qxe5 Qxe5 36. Rxe5 Re7 37. Kb2 Kc7 38. Ka3 Kd6 39. Rh5 Rxe6 40.
Kb4 c5+ 41. Ka5 d4 42. cxd4 cxd4 43. Kxa6 Re5 44. Rh4 d3 45. Rh1 b4 46. Kb6 Rd5
47. Rd1 d2 48. Ka6 Ke5 49. Kb6 Ke4 50. Kc6 Rd8 51. Kc5 Ke3 52. Kxb4 Ke2 53. Rh1
d1=Q 54. Rxd1 Rxd1 55. a4 Rd8 56. a5 Kd3 57. Kc5 Kc3 58. a6 Rc8+ 59. Kb6 Rb8+
60. Kc7 Rb5 61. a7 Ra5 62. Kb7 1/2-1/2

[Event "Madrid ch 2011-2012 Previa A"]
[Site "Madrid ESP"]
[Date "2012.02.06"]
[Round "1.10"]
[White "Barragan Panal, Juan Jose"]
[Black "Lozano Sanchez, Jose Antonio"]
[Result "1-0"]
[WhiteElo "1640"]
[BlackElo "1894"]
[PlyCount "85"]
[EventDate "2012.02.06"]
[EventType "swiss"]
[EventRounds "9"]
[EventCountry "ESP"]
[Source "lmi"]
[SourceDate "2012.02.06"]

1. d4 d5 2. c4 e5 3. dxe5 d4 4. e3 Nc6 5. exd4 Qxd4 6. Qxd4 Nxd4 7. Bd3 Be6 8.
Nd2 Bb4 9. Ne2 O-O-O 10. Nxd4 Rxd4 11. Ke2 Bxd2 12. Bxd2 Bxc4 13. Bxc4 Rxc4 14.
Bc3 Ne7 15. Rhd1 Ng6 16. g3 Nxe5 17. Rd4 Rxd4 18. Bxd4 Re8 19. Kf1 g6 20. Re1
f6 21. f4 Rf8 22. fxe5 fxe5+ 23. Bf2 Re8 24. Ke2 Kd7 25. Rd1+ Ke6 26. g4 b6 27.
Ke3 h5 28. gxh5 gxh5 29. Ke4 c6 30. Bg3 Rg8 31. Re1 h4 32. Bxe5 Rg4+ 33. Kf3
Ra4 34. a3 Kf5 35. Bc3 Rc4 36. Re5+ Kg6 37. Re4 Rc5 38. Rxh4 a5 39. Rg4+ Kh5
40. Re4 Rf5+ 41. Rf4 Rd5 42. Ke4 Rd6 43. Rf6 1-0

[Event "Madrid ch 2011-2012 Previa A"]
[Site "Madrid ESP"]
[Date "2012.02.06"]
[Round "1.11"]
[White "Garcia Martin, Juan Manuel"]
[Black "Perez-nuñez Castillo, Jose A"]
[Result "1-0"]
[WhiteElo "1894"]
[BlackElo "1633"]
[PlyCount "37"]
[EventDate "2012.02.06"]
[EventType "swiss"]
[EventRounds "9"]
[EventCountry "ESP"]
[Source "lmi"]
[SourceDate "2012.02.06"]

1. d4 Nf6 2. Bf4 d6 3. e3 g6 4. Nf3 Bg7 5. Bd3 O-O 6. Nc3 b6 7. e4 Bb7 8. Qd2
Nbd7 9. Bh6 Re8 10. Bxg7 Kxg7 11. O-O-O c5 12. h4 Rc8 13. e5 Nd5 14. h5 Nxc3
15. hxg6 h5 16. gxf7 Rh8 17. Qg5+ Kxf7 18. e6+ Ke8 19. Qg7 1-0

[Event "Madrid ch 2011-2012 Previa A"]
[Site "Madrid ESP"]
[Date "2012.02.06"]
[Round "1.12"]
[White "Navas Marin, Felix"]
[Black "Martin-consuegra Barrilero, Francisco Javier"]
[Result "0-1"]
[WhiteElo "1605"]
[BlackElo "1886"]
[PlyCount "58"]
[EventDate "2012.02.06"]
[EventType "swiss"]
[EventRounds "9"]
[EventCountry "ESP"]
[Source "lmi"]
[SourceDate "2012.02.06"]

1. e4 d6 2. d4 Nf6 3. Nc3 Nbd7 4. Nf3 e5 5. Bc4 Be7 6. O-O O-O 7. Re1 c6 8. a4
a5 9. h3 Qb6 10. Ba2 exd4 11. Nxd4 Ne5 12. Bb3 Bxh3 13. gxh3 Qxd4 14. Qe2 Qb6
15. Be3 Qc7 16. Rad1 Rad8 17. Bf4 Nfd7 18. Rd2 Nc5 19. Ba2 Qb6 20. b3 Ne6 21.
Be3 Qb4 22. Kh2 Qxc3 23. Rg1 Ng6 24. Qg4 Qe5+ 25. Kh1 d5 26. Bb6 Bd6 27. Qg3
Qxe4+ 28. Qg2 Qxg2+ 29. Rxg2 Bc7 0-1

[Event "Madrid ch 2011-2012 Previa A"]
[Site "Madrid ESP"]
[Date "2012.02.06"]
[Round "1.13"]
[White "Garcia Gonzalez, Pedro"]
[Black "Benito Mellado, Humberto"]
[Result "0-1"]
[WhiteElo "1867"]
[BlackElo "1603"]
[PlyCount "110"]
[EventDate "2012.02.06"]
[EventType "swiss"]
[EventRounds "9"]
[EventCountry "ESP"]
[Source "lmi"]
[SourceDate "2012.02.06"]

1. d4 d5 2. Nf3 Nf6 3. e3 c6 4. Bd3 Bg4 5. c4 e6 6. Qb3 Qc7 7. Nc3 dxc4 8. Bxc4
Bd6 9. e4 Bxf3 10. gxf3 Be7 11. Be3 Nbd7 12. O-O Nb6 13. Be2 h6 14. e5 Nfd5 15.
Ne4 Nxe3 16. fxe3 Nd5 17. f4 Qb6 18. Rf3 Qxb3 19. axb3 a5 20. f5 exf5 21. Nd6+
Bxd6 22. exd6 g6 23. h4 h5 24. Bd3 O-O 25. e4 fxe4 26. Bxe4 f5 27. Bd3 Rfd8 28.
Rg3 Kf7 29. Bc4 Rxd6 30. b4 a4 31. b5 Kf6 32. bxc6 bxc6 33. Bf1 Nb4 34. Rga3
Rxd4 35. Rxa4 Rxa4 36. Rxa4 Rxh4 37. Bg2 Rg4 38. Kf1 c5 39. Ra8 Rf4+ 40. Ke2 g5
41. Rf8+ Ke5 42. Re8+ Kd4 43. Rd8+ Kc4 44. Rc8 h4 45. Ke3 Nc2+ 46. Ke2 Nd4+ 47.
Ke3 Rg4 48. Bf1+ Kd5 49. Rd8+ Ke5 50. Re8+ Ne6 51. Ba6 h3 52. Bc8 Re4+ 53. Kf2
Kd6 54. Rh8 g4 55. Rh6 f4 0-1

[Event "Madrid ch 2011-2012 Previa A"]
[Site "Madrid ESP"]
[Date "2012.02.06"]
[Round "1.14"]
[White "Zhynguel Zhynguel, Alek"]
[Black "Cano Mercado, Francisco Manuel"]
[Result "0-1"]
[WhiteElo "1600"]
[BlackElo "1865"]
[PlyCount "56"]
[EventDate "2012.02.06"]
[EventType "swiss"]
[EventRounds "9"]
[EventCountry "ESP"]
[Source "lmi"]
[SourceDate "2012.02.06"]

1. e4 c5 2. Bc4 Nc6 3. a3 e6 4. d3 Nf6 5. Nc3 a6 6. Nf3 d6 7. h3 Qc7 8. Ba2 b5
9. Ne2 Be7 10. Bd2 O-O 11. g4 Bb7 12. Ng3 Nd7 13. g5 Nde5 14. Nxe5 Nxe5 15. f4
Nc6 16. h4 Rad8 17. Qg4 Nd4 18. O-O-O b4 19. a4 d5 20. exd5 Bxd5 21. Bxd5 Rxd5
22. b3 Rfd8 23. h5 Nxc2 24. Kxc2 Rxd3 25. g6 c4 26. gxf7+ Kh8 27. Ne4 cxb3+ 28.
Kb1 Qc2+ 0-1

[Event "Madrid ch 2011-2012 Previa A"]
[Site "Madrid ESP"]
[Date "2012.02.06"]
[Round "1.15"]
[White "Redondo Garcia, Jose Luis"]
[Black "Rottenwöhrer, Christoph"]
[Result "1/2-1/2"]
[WhiteElo "1855"]
[BlackElo "1595"]
[PlyCount "101"]
[EventDate "2012.02.06"]
[EventType "swiss"]
[EventRounds "9"]
[EventCountry "ESP"]
[Source "lmi"]
[SourceDate "2012.02.06"]

1. c4 Nf6 2. Nc3 g6 3. g3 Bg7 4. Bg2 O-O 5. e3 Nc6 6. Nge2 d6 7. O-O e5 8. Rb1
Bf5 9. e4 Be6 10. d3 a5 11. a3 Ne7 12. b4 b6 13. Nd5 Nd7 14. Nec3 axb4 15. axb4
c6 16. Nxe7+ Qxe7 17. b5 c5 18. Qc2 Ra7 19. Bb2 Rfa8 20. Ra1 Qd8 21. Ra4 Rxa4
22. Nxa4 h5 23. f4 f6 24. f5 Bf7 25. Bh3 g5 26. Bg2 Kh7 27. h3 Bh6 28. Bc1 Qf8
29. Nc3 Qg7 30. Kh1 Qf8 31. Be3 Qg7 32. Nd5 Bxd5 33. exd5 g4 34. Bxh6 Qxh6 35.
Qc1 Qxc1 36. Rxc1 Kh6 37. hxg4 hxg4 38. Be4 Ra2 39. Kg1 Nf8 40. Rf1 Nh7 41. Bg2
Ng5 42. Kh1 Nf7 43. Re1 Kg5 44. Be4 Nh6 45. Rf1 Nf7 46. Kg1 Nh6 47. Kh1 Nf7 48.
Bg2 Nh6 49. Be4 Nf7 50. Re1 Nh6 51. Rf1 1/2-1/2

[Event "Madrid ch 2011-2012 Previa A"]
[Site "Madrid ESP"]
[Date "2012.02.06"]
[Round "1.16"]
[White "Martinez Carrasco, Jesus"]
[Black "Garcia Lopez, Pedro"]
[Result "1-0"]
[WhiteElo "1580"]
[BlackElo "1854"]
[PlyCount "73"]
[EventDate "2012.02.06"]
[EventType "swiss"]
[EventRounds "9"]
[EventCountry "ESP"]
[Source "lmi"]
[SourceDate "2012.02.06"]

1. d4 d5 2. c4 e6 3. Nf3 g6 4. e3 Nf6 5. Nc3 Bg7 6. Bd3 Nbd7 7. Qc2 O-O 8. O-O
Re8 9. Re1 c6 10. b3 e5 11. cxd5 cxd5 12. dxe5 Nxe5 13. Nd4 a6 14. Be2 Qd6 15.
h3 Nc6 16. Bb2 Nxd4 17. exd4 Bf5 18. Qd2 Ne4 19. Nxe4 dxe4 20. Rac1 Rad8 21.
Red1 h5 22. a4 Kh7 23. Bc4 Bh6 24. Qc3 Bxc1 25. Rxc1 Qf6 26. Qb4 Qe7 27. Qd2
Rd7 28. d5 e3 29. Qc3 exf2+ 30. Kxf2 Qc5+ 31. Kf1 Rg8 32. Re1 Re7 33. Rxe7 Qxe7
34. d6 Qxd6 35. Bxf7 Qd1+ 36. Kf2 Bd3 37. Bxg8+ 1-0

[Event "Madrid ch 2011-2012 Previa A"]
[Site "Madrid ESP"]
[Date "2012.02.06"]
[Round "1.17"]
[White "Osorio Ramos, Francisco"]
[Black "Sancho Pascual, Emilio"]
[Result "0-1"]
[WhiteElo "1848"]
[BlackElo "1572"]
[PlyCount "116"]
[EventDate "2012.02.06"]
[EventType "swiss"]
[EventRounds "9"]
[EventCountry "ESP"]
[Source "lmi"]
[SourceDate "2012.02.06"]

1. d4 Nf6 2. Nf3 e6 3. Bg5 Be7 4. c4 c5 5. e3 b6 6. Be2 Bb7 7. Nc3 O-O 8. O-O
d6 9. dxc5 bxc5 10. Qc2 Nbd7 11. Rfd1 a6 12. Rd2 Qc7 13. Rad1 Rfd8 14. Bf4 Nf8
15. h3 Rd7 16. e4 Ng6 17. Bh2 Rad8 18. a3 Bc6 19. b4 Qb7 20. bxc5 Bxe4 21. Nxe4
Nxe4 22. Rd3 Nxc5 23. Rb1 Qa7 24. Rdd1 Rc8 25. Nd2 Rdc7 26. Nb3 Ne5 27. Bxe5
dxe5 28. Nd2 f5 29. Qb2 Bf6 30. Qb6 Qa8 31. Qa5 Rb7 32. Rxb7 Qxb7 33. Rb1 Bd8
34. Qb4 Qc6 35. Qb2 e4 36. Qb4 Bc7 37. Nb3 Rb8 38. Qc3 Qd6 39. g3 Nd3 40. Rd1
Qxa3 41. Bxd3 Rxb3 42. Qe1 Rxd3 43. Rxd3 Qxd3 44. c5 f4 45. gxf4 Bxf4 46. Qa5
Qd1+ 47. Kg2 Qf3+ 48. Kf1 Qxh3+ 49. Ke1 Qh1+ 50. Ke2 Qf3+ 51. Ke1 Kf7 52. Qd8
Qc3+ 53. Kf1 Qh3+ 54. Ke1 Bh2 55. Qd7+ Kg6 56. c6 Qc3+ 57. Kf1 Qd3+ 58. Kg2
Qxd7 0-1

[Event "Madrid ch 2011-2012 Previa A"]
[Site "Madrid ESP"]
[Date "2012.02.06"]
[Round "1.19"]
[White "Monge Gilgado, Eva Maria"]
[Black "Cortijo Manso, Luis"]
[Result "1-0"]
[WhiteElo "1844"]
[BlackElo "1547"]
[PlyCount "45"]
[EventDate "2012.02.06"]
[EventType "swiss"]
[EventRounds "9"]
[EventCountry "ESP"]
[Source "lmi"]
[SourceDate "2012.02.06"]

1. e4 c5 2. Nc3 d6 3. g3 Nc6 4. Bg2 Nf6 5. d3 g6 6. f4 e6 7. Nf3 Bg7 8. O-O O-O
9. Be3 Ng4 10. Bd2 f5 11. h3 Bd4+ 12. Nxd4 cxd4 13. hxg4 dxc3 14. Bxc3 fxe4 15.
dxe4 e5 16. Qd5+ Kg7 17. fxe5 dxe5 18. Bxe5+ Nxe5 19. Qxe5+ Kg8 20. Rxf8+ Qxf8
21. Bf1 h6 22. Bc4+ Kh7 23. Rf1 1-0

[Event "Madrid ch 2011-2012 Previa A"]
[Site "Madrid ESP"]
[Date "2012.02.06"]
[Round "1.20"]
[White "Zuazua Conde, Ivan Javier"]
[Black "Jimenez Gonzalez, Marcos"]
[Result "0-1"]
[WhiteElo "1498"]
[BlackElo "1831"]
[PlyCount "130"]
[EventDate "2012.02.06"]
[EventType "swiss"]
[EventRounds "9"]
[EventCountry "ESP"]
[Source "lmi"]
[SourceDate "2012.02.06"]

1. d4 d5 2. c4 e6 3. Nc3 c5 4. e3 Nc6 5. Nf3 Nf6 6. Bd3 Be7 7. O-O O-O 8. cxd5
exd5 9. dxc5 Bxc5 10. Na4 Bd6 11. a3 Be6 12. Nc3 Rc8 13. Bd2 a6 14. Rc1 Bb8 15.
Re1 Qd6 16. g3 h6 17. Na4 Ba7 18. b4 Ne4 19. Nc3 Bf5 20. Nh4 Bh7 21. Nxe4 dxe4
22. Bb1 Rfd8 23. Bc3 Qe7 24. Qg4 Qg5 25. Qe2 Ne5 26. Bxe5 Qxe5 27. Qa2 Rxc1 28.
Rxc1 g5 29. Ng2 Bf5 30. Qc2 Bb8 31. Ba2 Bd6 32. Rd1 Bg4 33. Rb1 Bf8 34. Qc4 Be6
35. Qe2 Bxa2 36. Qxa2 Qc3 37. h3 Rd3 38. Qb2 Qxb2 39. Rxb2 Rxa3 40. Kf1 Bg7 41.
Rb1 Bc3 42. Ne1 Bxe1 43. Kxe1 Ra2 44. Kf1 Kf8 45. Ke1 Ke7 46. Rc1 Ke6 47. Rc7
b5 48. Rc6+ Ke7 49. Rxh6 Rb2 50. Rxa6 Rxb4 51. Rc6 Rb2 52. Rc7+ Kf6 53. Rc6+
Kg7 54. Rc5 f6 55. Rc1 b4 56. Kf1 b3 57. Kg2 Rc2 58. Rb1 b2 59. h4 gxh4 60.
gxh4 Kg6 61. Kg3 f5 62. f4 Kh5 63. Kh3 Re2 64. Kg3 Rxe3+ 65. Kg2 Rb3 0-1

[Event "Madrid ch 2011-2012 Previa A"]
[Site "Madrid ESP"]
[Date "2012.02.06"]
[Round "1.21"]
[White "Lopez Peral, Enrique"]
[Black "Casal Martin, Jose M"]
[Result "1-0"]
[WhiteElo "1823"]
[BlackElo "1486"]
[PlyCount "57"]
[EventDate "2012.02.06"]
[EventType "swiss"]
[EventRounds "9"]
[EventCountry "ESP"]
[Source "lmi"]
[SourceDate "2012.02.06"]

1. e4 e5 2. Bc4 Nf6 3. Nc3 Bc5 4. d3 h6 5. Be3 Qe7 6. Qd2 d6 7. Nge2 Bxe3 8.
fxe3 Be6 9. Bb3 a6 10. Ng3 Nbd7 11. O-O O-O 12. Nf5 Bxf5 13. Rxf5 Nc5 14. Raf1
Nxb3 15. axb3 c6 16. Qf2 Nh7 17. Qg3 f6 18. h4 Kh8 19. Kh1 Rg8 20. Qf2 b5 21.
g4 Qe8 22. Qh2 g6 23. R5f2 Kg7 24. Ne2 Rf8 25. Ng3 Qd7 26. Rg1 Ra7 27. h5 Ng5
28. hxg6 Rh8 29. Nh5+ 1-0

[Event "Madrid ch 2011-2012 Previa A"]
[Site "Madrid ESP"]
[Date "2012.02.06"]
[Round "1.22"]
[White "De Mingo Matias, Jose Andres"]
[Black "Calcerrada Lopez, Enrique"]
[Result "0-1"]
[WhiteElo "1484"]
[BlackElo "1821"]
[PlyCount "72"]
[EventDate "2012.02.06"]
[EventType "swiss"]
[EventRounds "9"]
[EventCountry "ESP"]
[Source "lmi"]
[SourceDate "2012.02.06"]

1. e4 c5 2. Nf3 d6 3. d4 cxd4 4. Nxd4 Nf6 5. f3 a6 6. c4 e6 7. Be2 Be7 8. Nc3
Qc7 9. b3 Nc6 10. Be3 Qa5 11. Qc2 g6 12. O-O O-O 13. Nxc6 bxc6 14. f4 Rd8 15.
g4 d5 16. cxd5 cxd5 17. exd5 Nxd5 18. Nxd5 Rxd5 19. Bf3 Bc5 20. Bf2 Bxf2+ 21.
Qxf2 Bb7 22. Bxd5 Qxd5 23. Qg3 Rc8 24. Rae1 Rc2 25. Qf3 Qxf3 26. Rxf3 Bxf3 27.
Re3 Bxg4 28. h3 Bh5 29. a4 Rb2 30. Rc3 Bd1 31. Rc6 Rxb3 32. Rxa6 Rxh3 33. Ra8+
Kg7 34. a5 Ra3 35. a6 h5 36. a7 Bf3 0-1

[Event "Madrid ch 2011-2012 Previa A"]
[Site "Madrid ESP"]
[Date "2012.02.06"]
[Round "1.23"]
[White "Carrera Cabañeros, Francisco"]
[Black "Ojosnegros Martin, Angel"]
[Result "1/2-1/2"]
[WhiteElo "1819"]
[BlackElo "1480"]
[PlyCount "79"]
[EventDate "2012.02.06"]
[EventType "swiss"]
[EventRounds "9"]
[EventCountry "ESP"]
[Source "lmi"]
[SourceDate "2012.02.06"]

1. d4 d5 2. c4 e6 3. Nc3 Nf6 4. Bg5 Be7 5. e3 O-O 6. Nf3 b6 7. Rc1 Bb7 8. Be2
Nbd7 9. O-O c5 10. Re1 Ne4 11. Bxe7 Nxc3 12. Rxc3 Qxe7 13. a3 Rac8 14. Qa4 a6
15. cxd5 exd5 16. Rec1 Nf6 17. Ne5 b5 18. Qa5 c4 19. R3c2 Qd6 20. h3 Ne4 21. f3
Nc5 22. Qb4 Qe6 23. Qc3 Nb3 24. Re1 a5 25. f4 Qe7 26. Rf1 b4 27. axb4 axb4 28.
Qe1 f6 29. Bg4 Ra8 30. Qh4 g5 31. fxg5 fxe5 32. Rcf2 Rxf2 33. Rxf2 Rf8 34.
Rxf8+ Kxf8 35. Qh6+ Ke8 36. g6 hxg6 37. Qh8+ Kf7 38. Qh7+ Kf6 39. Qh4+ Kf7 40.
Qh7+ 1/2-1/2

[Event "Madrid ch 2011-2012 Previa A"]
[Site "Madrid ESP"]
[Date "2012.02.07"]
[Round "2.1"]
[White "Ureña Castellanos, Antonio"]
[Black "Ruiz Sanchez, Roberto"]
[Result "0-1"]
[WhiteElo "1673"]
[BlackElo "1976"]
[PlyCount "106"]
[EventDate "2012.02.06"]
[EventType "swiss"]
[EventRounds "9"]
[EventCountry "ESP"]
[Source "lmi"]
[SourceDate "2012.02.06"]

1. c4 c6 2. Nc3 d5 3. cxd5 cxd5 4. d4 Nc6 5. e3 Nf6 6. Nf3 e6 7. a3 Be7 8. Bd3
O-O 9. b4 a6 10. O-O b5 11. Bd2 Bb7 12. Rc1 Rc8 13. h3 Qb6 14. Ne2 Ne4 15. Bxe4
dxe4 16. Nh2 Bd6 17. f4 exf3 18. Nxf3 Ne7 19. Ne1 Rxc1 20. Nxc1 Bb8 21. Ncd3
Qd6 22. Nf3 Nf5 23. Nc5 Bxf3 24. Qxf3 Qh2+ 25. Kf2 Bg3+ 26. Ke2 Nh4 27. Qc6
Nxg2 28. Kd1 Qxh3 29. Qf3 Nh4 30. Qe2 Nf5 31. Qf3 h5 32. Ne4 Qg4 33. Nxg3 Nxg3
34. Qxg4 hxg4 35. Rg1 Ne4 36. Ke2 f5 37. Rc1 Rd8 38. Rc6 Rd6 39. Rc5 Kh7 40.
Bc1 Kh6 41. Bb2 Kh5 42. Rc7 g6 43. d5 Rxd5 44. Bd4 e5 45. Bc5 Rd2+ 46. Ke1 g3
47. Kf1 Kg4 48. Rg7 Kf3 49. Ke1 Ra2 50. Kd1 g5 51. Rf7 g2 52. Rxf5+ Kg4 53.
Rxg5+ Kxg5 0-1